| 000 | 00000nam 2200000za 4500 |
| 001 | 9.840751 |
| 003 | CaOODSP |
| 005 | 20221107151923 |
| 007 | cr ||||||||||| |
| 008 | 170726s1975 onc #or f000 0 fre d |
| 040 | |aCaOODSP|bfre |
| 041 | |afre|aeng |
| 043 | |an-cn--- |
| 086 | 1 |aR5-347/1975F-PDF |
| 245 | 00|aRépertoire des formulaires du MAIN |h[ressource électronique]. |
| 250 | |a1ère édition |
| 260 | |a[Ottawa?] : |bMinistère des Affaires indiennes et du Nord canadien : |bBureau des traductions, |c1975. |
| 300 | |a61 p. |
| 500 | |a« Avril 1975. » |
| 500 | |aTitre de départ. |
| 500 | |aÉdition numérisée de l’imprimé [par Affaires autochtones et du Nord Canada]. |
| 520 | |aRépertoire des formulaires du Ministère des Affaires indiennes et du Nord canadien. |
| 546 | |aTexte en français et en anglais, titre en français seulement. |
| 692 | 07|2gccst|aRépertoire |
| 692 | 07|2gccst|aAffaires autochtones |
| 692 | 07|2gccst|aMinistère du gouvernement fédéral |
| 710 | 1 |aCanada. |bAffaires indiennes et du Nord Canada. |
| 710 | 1 |aCanada.|bBureau des traductions. |
| 856 | 40|qPDF|s3.26 Mo|uhttps://publications.gc.ca/collections/collection_2017/aanc-inac/R5-347-1975-fra.pdf |
| 986 | |aTAIN 4 |